| 000 | 00610nam a2200169Ia 4500 | ||
|---|---|---|---|
| 005 | 20250507130158.0 | ||
| 008 | 008 250505s9999 xx 000 0 eng d | ||
| 037 | _aSeries Article | ||
| 040 |
_aEASL _beng _cEASL |
||
| 041 |
_aeng _2eng |
||
| 084 | _qEASL | ||
| 245 | 0 | _aProblems in the development of small and medium-size industrial enterprises in China : Results of a 2001 national sample survey C. Herrmann-Pillath, etc. | |
| 260 |
_aNetherland _bRA Leiden Documentation and Research Center for Contemporary China _c2002 |
||
| 300 | _a54-95 | ||
| 942 | _cSRA | ||
| 999 |
_c1318146 _d1318146 |
||